Disney Villains Anagrams - Statistics

General Stats
  • This quiz has been taken 129 times
  • The average score is 10 of 15
Answer Stats
Anagram Disney Villain % Correct
raajf Jafar
91%
nsha Hans
86%
ookh Hook
85%
csra Scar
85%
uusalr Ursula
83%
zyam Yzma
76%
gmoohhttleer Mother Gothel
68%
tnsosag Gaston
67%
eefalmntic Maleficent
62%
oollrf Frollo
60%
dashe Hades
55%
iileafcr Facilier
51%
aanitrgn Ratigan
32%
aaatmo Tamatoa
31%
eetmrian Tremaine
29%
No matching quizzes found
Score Distribution
Percent of People with Each Score
Percentile by Number Answered
Your Score History
You have not taken this quiz